| 000 | 00465nam a2200169Ia 4500 | ||
|---|---|---|---|
| 008 | 240729s9999 xx 000 0 und d | ||
| 022 | _a2333-4304 | ||
| 245 | 0 | _aJournal of Applied Packaging Research | |
| 260 | _aUnited States | ||
| 260 | _bRochester Institute of Technology | ||
| 650 | _a Manufactures | ||
| 650 | _a Packaging | ||
| 650 | _aTechnology | ||
| 856 | _uhttps://doaj.org/toc/8f4e3ed66f8a41beb6631c903b02fb69 | ||
| 942 | _2ddc | ||
| 942 | _cDOAJEJ | ||
| 999 |
_c66455 _d66455 |
||
| 945 |
_a1 _bMadushi Gamage _c1 _dMadushi Gamage |
||